<?xml version="1.0" encoding="UTF-8"?>
<record
    xmlns:xsi="http://www.w3.org/2001/XMLSchema-instance"
    xsi:schemaLocation="http://www.loc.gov/MARC21/slim http://www.loc.gov/standards/marcxml/schema/MARC21slim.xsd"
    xmlns="http://www.loc.gov/MARC21/slim">

  <leader>03045nam a2200517Ia 4500</leader>
  <controlfield tag="001">3044</controlfield>
  <controlfield tag="008">241029s9999    xx            000 0 und d</controlfield>
  <datafield tag="010" ind1=" " ind2=" ">
    <subfield code="a">2855</subfield>
  </datafield>
  <datafield tag="041" ind1=" " ind2=" ">
    <subfield code="a">Espa&#xF1;ol</subfield>
  </datafield>
  <datafield tag="082" ind1=" " ind2=" ">
    <subfield code="a">MA-LAEE FH 2004.</subfield>
  </datafield>
  <datafield tag="245" ind1=" " ind2="0">
    <subfield code="a">Estrategias de comprensi&#xF3;n y producci&#xF3;n de textos utilizadas por los docentes del &#xE1;rea de Lengua Espa&#xF1;ola, en el Nivel Medio, Distrito Educativo 05-07, San Francisco de Macor&#xED;s, 2003-2004.</subfield>
  </datafield>
  <datafield tag="260" ind1=" " ind2=" ">
    <subfield code="a">Duarte</subfield>
  </datafield>
  <datafield tag="300" ind1=" " ind2=" ">
    <subfield code="a">127</subfield>
  </datafield>
  <datafield tag="520" ind1=" " ind2=" ">
    <subfield code="a">33</subfield>
  </datafield>
  <datafield tag="630" ind1=" " ind2=" ">
    <subfield code="a">Estrategia Docente</subfield>
  </datafield>
  <datafield tag="650" ind1=" " ind2=" ">
    <subfield code="a">Lengua Espa&#xF1;ola</subfield>
  </datafield>
  <datafield tag="690" ind1=" " ind2=" ">
    <subfield code="a">Elaborado</subfield>
  </datafield>
  <datafield tag="700" ind1=" " ind2=" ">
    <subfield code="e">asesor</subfield>
    <subfield code="a">De los Santos, Julio </subfield>
  </datafield>
  <datafield tag="700" ind1=" " ind2=" ">
    <subfield code="e">autor</subfield>
    <subfield code="a">Mena Alvares, Luc&#xED;a</subfield>
  </datafield>
  <datafield tag="901" ind1=" " ind2=" ">
    <subfield code="a">{"1":"Mena Alvares"}</subfield>
    <subfield code="b">{"1":"Luc&#xED;a"}</subfield>
  </datafield>
  <datafield tag="902" ind1=" " ind2=" ">
    <subfield code="a">1</subfield>
  </datafield>
  <datafield tag="903" ind1=" " ind2=" ">
    <subfield code="a">{"1":"De los Santos"}</subfield>
    <subfield code="b">{"1":"Julio "}</subfield>
  </datafield>
  <datafield tag="904" ind1=" " ind2=" ">
    <subfield code="a">Maestr&#xED;a en</subfield>
  </datafield>
  <datafield tag="905" ind1=" " ind2=" ">
    <subfield code="a">Educaci&#xF3;n</subfield>
  </datafield>
  <datafield tag="906" ind1=" " ind2=" ">
    <subfield code="a">1</subfield>
  </datafield>
  <datafield tag="907" ind1=" " ind2=" ">
    <subfield code="a">con Aplicaci&#xF3;n a</subfield>
  </datafield>
  <datafield tag="908" ind1=" " ind2=" ">
    <subfield code="a">Ling&#xFC;&#xED;stica Aplicada a la Lengua Espa&#xF1;ola</subfield>
  </datafield>
  <datafield tag="909" ind1=" " ind2=" ">
    <subfield code="a">Universidad Aut&#xF3;noma de Santo Domingo (UASD)</subfield>
  </datafield>
  <datafield tag="910" ind1=" " ind2=" ">
    <subfield code="a">NULL</subfield>
    <subfield code="b">NULL</subfield>
  </datafield>
  <datafield tag="911" ind1=" " ind2=" ">
    <subfield code="a">["1"]</subfield>
  </datafield>
  <datafield tag="912" ind1=" " ind2=" ">
    <subfield code="a">NO APLICA</subfield>
  </datafield>
  <datafield tag="913" ind1=" " ind2=" ">
    <subfield code="a">NULL</subfield>
  </datafield>
  <datafield tag="914" ind1=" " ind2=" ">
    <subfield code="a">05 de Julio de 2004</subfield>
  </datafield>
  <datafield tag="915" ind1=" " ind2=" ">
    <subfield code="a">21/12/19 08:12</subfield>
  </datafield>
  <datafield tag="916" ind1=" " ind2=" ">
    <subfield code="a">NULL</subfield>
  </datafield>
  <datafield tag="917" ind1=" " ind2=" ">
    <subfield code="a">NULL</subfield>
  </datafield>
  <datafield tag="918" ind1=" " ind2=" ">
    <subfield code="a">NO APLICA</subfield>
  </datafield>
  <datafield tag="919" ind1=" " ind2=" ">
    <subfield code="a">["94"]</subfield>
  </datafield>
  <datafield tag="520" ind1=" " ind2=" ">
    <subfield code="a">La investigaci&#xF3;n plante&#xF3; determinar las estrategias que utilizan los docentes del nivel medio en el &#xE1;rea de Lengua Espa&#xF1;ola, para verificar las competencias comunicativas de los estudiantes en la comprensi&#xF3;n y producci&#xF3;n de textos y promover alternativas de soluci&#xF3;n a las dificultades detectadas.La investigaci&#xF3;n present&#xF3; un dise&#xF1;o descriptivo, dirigida hacia una poblaci&#xF3;n de 18 profesores que imparten la asignatura y 73 estudiantes de 3ro y 4to grado. Los instrumentos empleados para la recolecci&#xF3;n de datos fueron: cuestionarios, fichas de observaci&#xF3;n y pruebas de comprensi&#xF3;n y producci&#xF3;n de textos.Los resultados revelaron que existe un dominio pobre de la ortograf&#xED;a, el l&#xE9;xico y la gram&#xE1;tica, lo que trae como consecuencia el pobre manejo de la comprensi&#xF3;n de textos, ya que esta requiere relacionar el texto con el contexto, decodificarlo y buscar significados estructurales, para formular informaciones nuevas a partir de la conocida, lo que no ocurre en los estudiantes de este centro educativo. Adem&#xE1;s, se determin&#xF3; que las estrategias utilizadas por los docentes son un tanto rutinarias, ya que la mayor&#xED;a solo emplean la socializaci&#xF3;n, exposici&#xF3;n y lecturas de fichas. Resultando la comprensi&#xF3;n y producci&#xF3;n de texto muy deficiente en los aspectos de la gram&#xE1;tica, l&#xE9;xico y coherencia.El estudio recomienda revisar continuamente los programas de formaci&#xF3;n en el &#xE1;rea de Lengua Espa&#xF1;ola, para que se hagan los cambios pertinentes, a la luz de los requerimientos de la ling&#xFC;&#xED;stica y evaluar las competencias de los docentes que imparten asignaturas relacionadas con la did&#xE1;ctica de la letra.</subfield>
  </datafield>
  <datafield tag="921" ind1=" " ind2=" ">
    <subfield code="a">16</subfield>
  </datafield>
  <datafield tag="922" ind1=" " ind2=" ">
    <subfield code="a">16</subfield>
  </datafield>
  <datafield tag="923" ind1=" " ind2=" ">
    <subfield code="a">0</subfield>
  </datafield>
  <datafield tag="924" ind1=" " ind2=" ">
    <subfield code="a">NO APLICA</subfield>
  </datafield>
  <datafield tag="942" ind1=" " ind2=" ">
    <subfield code="c">Tesis</subfield>
  </datafield>
  <datafield tag="999" ind1=" " ind2=" ">
    <subfield code="c">2855</subfield>
    <subfield code="d">2855</subfield>
  </datafield>
</record>
